000 00610nam a2200217 4500
003 LK-CoMWRAF
005 20231102140844.0
008 231006b1994 |||||||| |||| 00| 0 eng d
020 _a0070417040
040 _aLK-CoMWRAF
_dLK-CoMWRAF
_eLK-CoMWRAF
041 _aeng
082 _a306.8
_bHOL
100 _aHolman, Thomas B.
245 _aAssessment Manual And Study Guide To Accompany Bird/Merville:
_bFamilies And Intimate Relationships
260 _aNew York:
_bMcGraw-Hill,
_c1994
300 _av,129 p.
650 _aFAMILIES
650 _aMarriage
650 _aFamily relationships
942 _cBK
999 _c3793
_d3793